000
00351nam a2200145Ia 4500
008
240719s9999 xx 000 0 und d
041
_a
eng
082
_a
658.15 PAN
100
_a
Pandey, I M
245
_a
Financial Management
250
_a
12th
260
_a
Noida
_b
Pearson
_c
2021
300
_a
1030;. P. 24 Cm
520
_a
Gifted By : IMT Faculty
999
_c
41399
_d
41399